Κουίζ Νομισμάτων 2 Ευρώ - Statistics

General Stats
  • This quiz has been taken 5 times
  • The average score is 5 of 25
Answer Stats
Picture Answer % Correct
Γερμανία
75%
Ελλάδα
75%
Εσθονία
50%
Ιταλία
50%
Λιθουανία
25%
Ανδόρρα
25%
Βατικανό
25%
Σλοβακία
25%
Γαλλία
25%
Μονακό
25%
Κύπρος
25%
Ιρλανδία
25%
Κροατία
25%
Μάλτα
25%
Άγιος Μαρίνος
25%
Πορτογαλία
0%
Φινλανδία
0%
Βέλγιο
0%
Αυστρία
0%
Λετονία
0%
Σλοβενία
0%
Βουλγαρία
0%
Λουξεμβούργο
0%
Ολλανδία
0%
Ισπανία
0%
No matching quizzes found
Score Distribution
Percent of People with Each Score
Percentile by Number Answered
Your Score History
You have not taken this quiz